00946nam a22001457a 4500008004100000020001500041050001300056100002300069245009600092250001200188260003800200300003200238500005500270505047500325140424b xxu||||| |||| 00| 0 eng d a0761929282 aHN29.S34 aSchutt, Russell K. aInvestigating the social world: the process and practice of research. /cRussell K. Schutt. a4th ed. aLondon:bPine Forge Press,c2003. axxvii, 450p.:bill.;c23cm. aIncludes appendix, glossary, index, and reference. aContents: Science, society, and social research -- The Process and problems of social research -- Theories and philosophies for social research -- Conceptualization and management -- Sampling -- Causation and research design -- Experiments -- Survey research -- Qualitative methods: observing, participating, listening -- Evaluation research -- Historical and comparative research -- Data analysis -- Qualitative data analysis and content analysis -- Reporting research.